000 00435cam a22001814a 4500
005 20250605164114.0
008 250528s ||||||||||||||||||||||||d
035 _a18009
040 _aGR-AtMCL
_bgre
_dGR-AtMCL
_eAACR2
245 1 _aΠΕΡΙ ΕΛΕΥΘΕΡΙΑΣ
250 _a1
260 _bΕπικουρος,
_c1983
300 _a190
700 1 _aMill John Stuart
_94328
942 _cBK
999 _c3401
_d3401